Premiere Anthologie vivante de la poesie du passe (De Philippe de Thaun a Pierre de Ronsard)
Збережено в:
| Автор: | |
|---|---|
| Формат: | Книга |
| Мова: | Undetermined |
| Опубліковано: |
París, Francia
Pierre Seghers
1951
|
| Предмети: | |
| Теги: |
Додати тег
Немає тегів, Будьте першим, хто поставить тег для цього запису!
|
MARC
| LEADER | 00000nam a2200000Ia 4500 | ||
|---|---|---|---|
| 008 | 170316s9999 xx 000 0 und d | ||
| 040 | |a cru BVZT | ||
| 090 | |a A-840 E-1p | ||
| 100 | |a Eluard, Paul | ||
| 245 | |a Premiere Anthologie vivante de la poesie du passe (De Philippe de Thaun a Pierre de Ronsard) | ||
| 260 | |a París, Francia | ||
| 260 | |b Pierre Seghers | ||
| 260 | |c 1951 | ||
| 300 | |a 351 páginas Tomo 1 | ||
| 650 | |a LITERATURA FRANCESA | ||
| 650 | |a ANTOLOGÍA | ||
| 999 | |c 12410 |d 12410 | ||
| 942 | |c 15 D |h A-840 E-1p |2 z | ||
